Learning religion : anthropological approaches
Αποθηκεύτηκε σε:
| Άλλοι συγγραφείς: | , |
|---|---|
| Μορφή: | Βιβλίο |
| Γλώσσα: | English |
| Δημοσίευση: |
New York :
Berghahn Books,
2009, 2007
|
| Σειρά: | Methodology and history in anthropology ;
; 17 |
| Θέματα: | |
| Ετικέτες: |
Προσθήκη ετικέτας
Δεν υπάρχουν, Καταχωρήστε ετικέτα πρώτοι!
|
MARC
| LEADER | 00000cam a2200000 i 4500 | ||
|---|---|---|---|
| 001 | 1/5049 | ||
| 008 | 100301r20092007 eng d | ||
| 020 | |a 978-1-84545-594-1 (pbk.) | ||
| 035 | |l 10107027 | ||
| 040 | |a GR-MY-UA |b gre |e aacr | ||
| 041 | 0 | |a eng | |
| 082 | 0 | |a 207.5 |2 (22) | |
| 245 | 1 | 0 | |a Learning religion : |b anthropological approaches / |c edited by David Berliner and Ramon Sarro |
| 260 | |a New York : |b Berghahn Books, |c 2009, 2007 | ||
| 300 | |a vi, 239 σ.; |c 24 εκ. | ||
| 490 | 1 | |a Methodology and history in anthropology |v ; 17 | |
| 504 | |a Βιβλιογραφία: σ. [209]-228 | ||
| 504 | |a Ευρετήριο: σ. [233]-239 | ||
| 650 | 0 | 0 | |a Ethnology |x Religious aspects. |
| 650 | 0 | 0 | |a Religion. |
| 700 | 1 | |a Berliner, David. |4 edt | |
| 700 | 1 | |a Sarro, Ramon. |4 edt | |
| 830 | 0 | |a Methodology and history in anthropology ; |v ; 17 | |
| 852 | |a INST |b LESVOS |e 20100301 |h 207.5 LEA |p 005100046747 |q 005100046747 |t BK |y 0 | ||
| 901 | |a BIBL1-2010-1 | ||
| 909 | |a Λ |b 162892 | ||
| 970 | |a ΚΑΡΑ |b ΓΙΑΣΕΜΗ |z 2010/03/01 | ||